000 00634nas a2200217 4500
001 BR8603180
003 BR-BrBNA
005 20231205090526.0
007 ta
008 230509b bl.|||p| |||| 00| 00por d
040 _aBR-BrBNA
_bpor
_cBiblioteca Nacional de Agricultura
041 _a(Pt)
072 _aL01
100 1 _aProtas, J.F.S.
245 1 _aDesempenho e perspectivas da suinocultura brasileira
650 _aSUÍNO
650 _aSUÍNOCULTURA
773 0 _tHora Veterinaria (Brazil)
_xISSN 0101-9163
_g(Nov-Dec 1985), v. 5(28) p. 11-17
_wBR8603180
909 _a202311
_bLúcia
_c55
_dLúcia Elande
942 _2AGRIS
_n0
_cANA
999 _c119049
_d119049